The tale of Peter Rabbit / (Record no. 2495)

MARC details
000 -LEADER
fixed length control field 01367cam a2200373 i 4500
005 - DATE AND TIME OF LATEST TRANSACTION
control field 20260304083004.0
020 ## - INTERNATIONAL STANDARD BOOK NUMBER
International Standard Book Number 9780590411011
040 ## - CATALOGING SOURCE
Original cataloging agency YDX
Language of cataloging eng
Transcribing agency YDX
Description conventions rda
Modifying agency FOLLT
-- OCLCF
-- DLC
050 00 - LIBRARY OF CONGRESS CALL NUMBER
Classification number PZ7.P85
082 04 - DEWEY DECIMAL CLASSIFICATION NUMBER
Classification number 823.912
100 1# - MAIN ENTRY--PERSONAL NAME
Personal name Potter, Beatrix
Dates associated with a name 1866-1943
Relator term McPhail David
-- illustrator
245 14 - TITLE STATEMENT
Title The tale of Peter Rabbit /
Statement of responsibility, etc. by Beatrix Potter
246 30 - VARYING FORM OF TITLE
Title proper/short title Peter Rabbit
260 ## - PUBLICATION, DISTRIBUTION, ETC.
Place of publication, distribution, etc. New York :
Name of publisher, distributor, etc. Scholastic,
Date of publication, distribution, etc. 1986
300 ## - PHYSICAL DESCRIPTION
Extent 31 pages :
Other physical details color illustrations ;
Dimensions 21 cm
500 ## - GENERAL NOTE
General note "First published with reset text and nw reproductions ofBearrjx potrert illustrations in 2002"--Title page verso.
505 ## - FORMATTED CONTENTS NOTE
Formatted contents note Q <br/>
520 ## - SUMMARY, ETC.
Summary, etc. Peter disobeys his mother by going into Mr. McGregor's garden and almost gets caught.
521 ## - TARGET AUDIENCE NOTE
Target audience note 660 AD <br/>
Source Lexile <br/>
521 ## - TARGET AUDIENCE NOTE
Target audience note Q <br/>
Source Raz-Plus <br/>
650 #0 - SUBJECT ADDED ENTRY--TOPICAL TERM
Topical term or geographic name entry element Rabbits
Form subdivision Juvenile fiction.
650 #0 - SUBJECT ADDED ENTRY--TOPICAL TERM
Topical term or geographic name entry element Animals
Form subdivision Juvenile fiction.
650 #1 - SUBJECT ADDED ENTRY--TOPICAL TERM
Topical term or geographic name entry element Rabbits
Form subdivision Fiction.
650 #1 - SUBJECT ADDED ENTRY--TOPICAL TERM
Topical term or geographic name entry element Animals
Form subdivision Fiction.
650 #7 - SUBJECT ADDED ENTRY--TOPICAL TERM
Topical term or geographic name entry element Animals.
Source of heading or term fast
Authority record control number or standard number (OCoLC)fst00809468
650 #7 - SUBJECT ADDED ENTRY--TOPICAL TERM
Topical term or geographic name entry element Rabbits.
Source of heading or term fast
Authority record control number or standard number (OCoLC)fst01086347
655 #7 - INDEX TERM--GENRE/FORM
Genre/form data or focus term Animal fiction.
Source of term fast
Authority record control number or standard number (OCoLC)fst01982492
655 #7 - INDEX TERM--GENRE/FORM
Genre/form data or focus term Fiction.
Source of term fast
Authority record control number or standard number (OCoLC)fst01423787
655 #7 - INDEX TERM--GENRE/FORM
Genre/form data or focus term Juvenile works.
Source of term fast
Authority record control number or standard number (OCoLC)fst01411637
655 #7 - INDEX TERM--GENRE/FORM
Genre/form data or focus term Animal fiction.
Source of term lcgft
906 ## - LOCAL DATA ELEMENT F, LDF (RLIN)
a 7
b cbc
c copycat
d 2
e ncip
f 20
g y-gencatlg
942 ## - ADDED ENTRY ELEMENTS (KOHA)
Source of classification or shelving scheme Dewey Decimal Classification
Koha item type Books
Suppress in OPAC No
999 ## -
-- 2495
-- 2495
Holdings
Withdrawn status Lost status Source of classification or shelving scheme Damaged status Not for loan Collection Home library Current library Shelving location Date acquired Total Checkouts Full call number Barcode Date last seen Date last checked out Copy number Price effective from Koha item type
    Dewey Decimal Classification     Juvenile Fiction Footprints International School Library Network Toul Tom Poung Campus Footprints International School Library Network Toul Tom Poung Campus TTP Primary Orange Bookshelves 12/12/2023 1 POT 823.912 PZ7.P85 FISTK01483 03/31/2026 03/02/2026 1 12/12/2023 Books